| 000 | 00403nam a22001697a 4500 | ||
|---|---|---|---|
| 003 | SGT | ||
| 020 | _a9789356961616 | ||
| 082 |
_a616.07 _bE23K |
||
| 100 | _aKAWTHALKAR, SHIRISH. M | ||
| 245 | _aESSNTIALS OF CLINICAL PATHOLOGY | ||
| 250 | _a3rd | ||
| 260 |
_aNEW DELHI _bJAYPEE BROTHER _c2023 |
||
| 300 | _a458 | ||
| 650 | _a CLINICAL, PATHOLOGY | ||
| 653 | _a PATHOLOGY,DISEASE, | ||
| 942 |
_2ddc _cBK |
||
| 999 |
_c23871 _d23871 |
||